-
SINGH, HIMANSHU. 2- SINGH, NEHA. 3- SINGH, DR. SWATI . 4- GAUTAM, VINITA
Entry Personal Name
Number of records used in: 1
001 - CONTROL NUMBER
003 - CONTROL NUMBER IDENTIFIER
005 - DATE AND TIME OF LATEST TRANSACTION
- control field:
20251125071822.0
008 - FIXED-LENGTH DATA ELEMENTS
- fixed length control field:
251125|| aca||aabn | a|a d
040 ## - CATALOGING SOURCE
- Original cataloging agency:
JRU
- Transcribing agency:
JRU
100 ## - HEADING--PERSONAL NAME
- Personal name:
SINGH, HIMANSHU. 2- SINGH, NEHA. 3- SINGH, DR. SWATI . 4- GAUTAM, VINITA
670 ## - SOURCE DATA FOUND
- Source citation:
Work cat.: (JRU)8980: SINGH, HIMANSHU. 2- SINGH, NEHA. 3- SINGH, DR. SWATI . 4- GAUTAM, VINITA , PHARMACOGNOSY & PHYTOCHEMISTRY - II : For THE STUDENTS OF B PHARM [5TH SEMESTER], 2024